书目信息 |
| 题名: |
扬州会
|
|
| 作者: | 陈荫荣 讲述 ;戴宏森 整理 | |
| 分册: | ||
| 出版信息: | 北京 中国曲艺出版社 1982 |
|
| 页数: | 198页 | |
| 开本: | 19cm | |
| 丛书名: | ||
| 单 册: | ||
| 中图分类: | I239.87 , I239.8 | |
| 科图分类: | ||
| 主题词: | 评话--中国--现代 , 戏剧文学--剧本--中国 | |
| 电子资源: | ||
| ISBN: | ||
| 000 | 00738nam0 2200277 45 | |
| 001 | 0182009109 | |
| 005 | 20040414165904.5 | |
| 010 | @dCNY0.51 | |
| 091 | @a10227.038 | |
| 100 | @a19950621d1982 em y0chiy0121 ea | |
| 101 | 0 | @achi |
| 102 | @aCN@b110000 | |
| 105 | @af z 000by | |
| 106 | @ar | |
| 200 | 10 | @a扬州会@Ayang zhou hui@f陈荫荣讲述@g戴宏森整理 |
| 210 | @a北京@c中国曲艺出版社@d1982 | |
| 215 | @a198页@c图@d19cm | |
| 606 | @a评话@y中国@z现代 | |
| 606 | 0 | @a戏剧文学@x剧本@x中国 |
| 690 | @aI239.87@v3 | |
| 690 | @aI239.8 | |
| 701 | 0 | @a陈荫荣@Achen yin rong@4讲述 |
| 702 | 0 | @a戴宏森@Adai hong sen@4整理 |
| 801 | 0 | @aCN@b上海图书馆@c20040414 |
| 801 | 2 | @aCN@bNLC@c20040414 |
| 905 | @f2@b80181-182@dI239.8@e12:8 | |
| 扬州会/陈荫荣讲述/戴宏森整理.-北京:中国曲艺出版社,1982 |
| 198页:图;19cm |
| ISBN :CNY0.51 |
| ● |
| 相关链接 |
|
|
|
|
正题名:扬州会
索取号:I239.8/12:8
 
预约/预借
| 序号 | 登录号 | 条形码 | 馆藏地/架位号 | 状态 | 备注 |
| 1 | 0080178 | 000960936 | 第一样本阅览室/ [索取号:I239.8/12:8] | 在馆 | |
| 2 | 0080179 | 001505455 | 密集书库/ [索取号:I239.8/12:8] | 在馆 | |
| 3 | 0080180 | 001504624 | 密集书库/ [索取号:I239.8/12:8] | 在馆 | |
| 4 | 0080181 | 000960918 | 第二借阅区/ [索取号:I239.8/12:8] | 在馆 | |
| 5 | 0080182 | 000960927 | 密集书库/ [索取号:I239.8/12:8] | 在馆 |